| 000 | 00688nam a2200229Ia 4500 | ||
|---|---|---|---|
| 003 | GCL | ||
| 008 | 140319s9999 xx 000 0 ara d | ||
| 040 |
_aGCL / _cGCL |
||
| 082 | 0 | 4 |
_a257.5 _bا ت |
| 100 | 1 | _aانور العمروسى | |
| 245 | 1 | 0 |
_aالتشريع والفضاء فى الاسلام / _cانور العمروسى |
| 260 |
_a[S.N] : _bمؤسسة شباب الجامعة ، _c1982 |
||
| 300 | _a191 ص | ||
| 490 | _a | ||
| 650 | 0 | 4 | _aالقانون |
| 650 | 0 | 4 | _aالشريعة الاسلامية |
| 650 | 0 | 4 | _aالفقه الاسلامى |
| 650 | 0 | 4 | _aالتشريع |
| 650 | 0 | 4 | _aالقضاء فى الاسلام |
| 650 | 0 | 4 | _aالقران |
| 942 |
_2ddc _cBK |
||
| 999 |
_c30606 _d30606 |
||